Alphabet 3 - Statistiques

Statistiques générales
  • Ce quiz a été pris 37 fois
  • Le résultat moyen est 12 sur 26
Statistiques - réponses
Hint Réponse % Correct
B : Bourgeon d'une fleur qui peut bourgeonner sur la peau d'un ado Bouton
87%
D : Démolir une maison ou un raisonnement Détruire
84%
C : Chercher des occasions en faisant des brocantes Chiner
81%
I : Triangle ayant 2 côtés égaux Isocèle
81%
H : Complète la géographie à l'école Histoire
77%
A : Élément chimique de symbole As, pouvant être toxique, voire mortel Arsenic
68%
J : Pays du Moyen-Orient, dont la capitale est Amman Jordanie
68%
Q : Elle est utilisée au billard Queue
68%
X : Peur des étrangers Xénophobie
61%
M : Petite prune jaune répandue en Lorraine et donnant lieu à une fête Mirabelle
58%
Y : Aliment vendu en pot, à base de lait fermenté Yaourt
58%
R : Art ayant précédé le gothique Roman
52%
Z : Ceux de La Flèche et de Beauval sont réputés Zoos
52%
U : Yale et Princeton en sont de célèbres Universités
48%
K : Méthode de combat développée en Israël, dont le mot signifie littéralement "combat avec contact" Krav-maga
45%
N : Adjectif signifiant : "qui voit la nuit" Nyctalope
45%
P : S'engager à accomplir quelque chose Promettre
42%
T : Le facteur l'effectue tous les jours, le chanteur parfois Tournée
42%
L : Fonction d'expression de la pensée et de communication entre les humains, mise en œuvre par la parole ou par l'écriture Langage
39%
E : Mot français qui désigne le "et" anglais Esperluette
29%
W : Ce mot signifie serpillière dans le Nord et en Belgique Wassingue
19%
F : Flatterie grossière Flagornerie
16%
S : La maladie de Willis Ekbom est plus connue sous le nom de "jambes…" Sans repos
10%
G : Mère de Pantagruel dans l'œuvre de Rabelais Gargamelle
3%
O : Genre de chauve-souris aux grandes oreilles Oreillard
3%
V : Plante, surnommée "faux patchouli", dont on extrait une huile essentielle à l'odeur forte pour en faire du savon ou du parfum Vétiver
0%
Aucun quiz correspondant
Distribution des résultats
% des personnes avec chaque résultat
Percentile par nombre de réponses
Votre historique - résultats
Vous n’avez pas pris ce quiz